[Event "20th EUR-ch"]
[Site "Skopje MKD"]
[Date "2019.03.26"]
[Round "8"]
[White "Yankelevich, Lev"]
[Black "Tsydypov, Zhamsaran"]
[Result "1/2-1/2"]
[WhiteElo "2462"]
[BlackElo "2551"]
[EventDate "2019.03.18"]
[Board "64"]
[PlyCount "126"]

1.d4 Nf6 2.c4 g6 3.Nc3 Bg7 4.e4 d6 5.Be2 O-O 6.Be3 c5 7.dxc5 Qa5 8.f3 dxc5
9.e5 Nfd7 10.f4 Nc6 11.Nf3 Rd8 12.Qa4 Qxa4 13.Nxa4 b6 14.O-O-O f6 15.Bd3 
Bb7 16.Be4 e6 17.Rd6 Na5 18.Bxb7 Nxb7 19.Rxe6 Kf7 20.Rc6 Na5 21.Rd6 Nxc4 
22.e6+ Kf8 23.Rxd7 Rxd7 24.Bxc5+ Re7 25.Bxe7+ Kxe7 26.Rd1 Kxe6 27.Nd4+ Kf7
28.Nc6 Bh6 29.g3 Ne5 30.Nd4 Rc8+ 31.Nc3 a6 32.Kb1 Nc4 33.Nf3 Na3+ 34.Ka1 
Bf8 35.Rd7+ Be7 36.Nd4 b5 37.Nf3 Nc2+ 38.Kb1 Ne3 39.Ne4 Ke8 40.Rd3 Nc4 41.
Nfd2 Nxd2+ 42.Rxd2 Rc6 43.a3 Kf7 44.Nf2 h5 45.Rc2 Rxc2 46.Kxc2 Bc5 47.Nd3 
Bg1 48.h3 Ke6 49.g4 hxg4 50.hxg4 Be3 51.Nb4 Bxf4 52.Nxa6 Bd6 53.Kc3 Ke5 
54.b4 Ke4 55.Kb3 f5 56.gxf5 gxf5 57.Kc2 Ke3 58.Nc5 f4 59.Kd1 Be5 60.Ke1 
Bd4 61.Ne6 Bb6 62.Nxf4 Kxf4 63.Kd2 Ke4 1/2-1/2

[Event "20th EUR-ch"]
[Site "Skopje MKD"]
[Date "2019.03.26"]
[Round "8"]
[White "Blohberger, Felix"]
[Black "Zhigalko, Andrei"]
[Result "1/2-1/2"]
[WhiteElo "2459"]
[BlackElo "2541"]
[EventDate "2019.03.18"]
[Board "65"]
[PlyCount "30"]

1.c4 e6 2.Nf3 d5 3.g3 g6 4.Bg2 Bg7 5.d4 Ne7 6.O-O O-O 7.Nbd2 Nbc6 8.e3 a5 
9.b3 b6 10.Bb2 Ba6 11.Re1 Qd7 12.a3 a4 13.cxd5 exd5 14.b4 Rfd8 15.Rc1 Bd3 
1/2-1/2

[Event "20th EUR-ch"]
[Site "Skopje MKD"]
[Date "2019.03.26"]
[Round "8"]
[White "Dimitrov, Radoslav"]
[Black "Zwardon, Vojtech"]
[Result "0-1"]
[WhiteElo "2533"]
[BlackElo "2452"]
[EventDate "2019.03.18"]
[Board "66"]
[PlyCount "100"]

1.d4 Nf6 2.Nf3 e6 3.c4 b6 4.a3 c5 5.e3 Bb7 6.Nc3 Be7 7.d5 exd5 8.cxd5 d6 
9.e4 O-O 10.Be2 Re8 11.O-O Bf8 12.Nd2 Ba6 13.f3 g6 14.Nc4 b5 15.Ne3 Qb6 
16.a4 b4 17.Nb5 Nbd7 18.Nc4 Qb8 19.Bf4 Bxb5 20.axb5 Nh5 21.Bd2 Bg7 22.Ra2 
f5 23.Be3 fxe4 24.f4 Nhf6 25.f5 Nb6 26.Bg5 Nxc4 27.Bxc4 gxf5 28.Rxf5 Nd7 
29.Qh5 Ne5 30.Be2 c4 31.Ra6 Qxb5 32.Rc6 Rf8 33.Rxf8+ Rxf8 34.Be7 Nxc6 35.
Bxf8 Ne5 36.Bxg7 Kxg7 37.Qg5+ Ng6 38.h4 Qc5+ 39.Kf1 c3 40.bxc3 bxc3 41.Bd1
c2 42.Bxc2 Qxc2 43.h5 Qd1+ 44.Kf2 e3+ 45.Qxe3 Qxh5 46.Qxa7+ Kf6 47.Qc7 
Qh4+ 48.Kf1 Ke5 49.Qc6 Qf4+ 50.Kg1 Qd4+ 0-1

[Event "20th EUR-ch"]
[Site "Skopje MKD"]
[Date "2019.03.26"]
[Round "8"]
[White "Beliavsky, Alexander"]
[Black "Kozak, Adam"]
[Result "1/2-1/2"]
[WhiteElo "2526"]
[BlackElo "2445"]
[EventDate "2019.03.18"]
[Board "67"]
[PlyCount "63"]

1.Nf3 c5 2.c4 Nc6 3.d4 cxd4 4.Nxd4 Nf6 5.Nc3 e6 6.g3 Qb6 7.Nb3 Ne5 8.e4 
Bb4 9.Qe2 d6 10.f4 Nc6 11.Be3 Bxc3+ 12.bxc3 Qc7 13.Bg2 O-O 14.c5 dxc5 15.
Bxc5 Rd8 16.e5 Na5 17.Bd6 Qxc3+ 18.Qd2 Qxd2+ 19.Nxd2 Ne8 20.Be7 Rd7 21.Bb4
Nc6 22.Ba3 Nd4 23.Rc1 Rb8 24.Kf2 b6 25.Rhd1 Nb5 26.Bb4 Bb7 27.Bxb7 Rdxb7 
28.Ne4 a5 29.a4 Nbc7 30.Bd6 Rd8 31.Rc6 Nd5 32.Kf3 1/2-1/2

[Event "20th EUR-ch"]
[Site "Skopje MKD"]
[Date "2019.03.26"]
[Round "8"]
[White "Janik, Igor"]
[Black "Lobanov, Sergei"]
[Result "1/2-1/2"]
[WhiteElo "2454"]
[BlackElo "2526"]
[EventDate "2019.03.18"]
[Board "68"]
[PlyCount "37"]

1.d4 Nf6 2.c4 e6 3.Nf3 b6 4.g3 Ba6 5.b3 Bb4+ 6.Bd2 Be7 7.Nc3 c6 8.e4 d5 9.
Qc2 dxe4 10.Nxe4 Nbd7 11.Bg2 Rc8 12.Ne5 Nxe4 13.Bxe4 Bb7 14.Nxd7 Qxd7 15.
Qc3 h6 16.O-O O-O 17.Rad1 Qc7 18.Qc2 Bf6 19.Bc3 1/2-1/2

[Event "20th EUR-ch"]
[Site "Skopje MKD"]
[Date "2019.03.26"]
[Round "8"]
[White "Godena, Michele"]
[Black "Thybo, Jesper Sondergaard"]
[Result "1-0"]
[WhiteElo "2449"]
[BlackElo "2525"]
[EventDate "2019.03.18"]
[Board "69"]
[PlyCount "55"]

1.e4 c5 2.Nf3 d6 3.d4 cxd4 4.Qxd4 Nf6 5.Be2 e6 6.O-O Be7 7.Rd1 Qc7 8.Na3 
O-O 9.Nb5 Qxc2 10.Nc3 Nxe4 11.Qxe4 Qxe4 12.Nxe4 d5 13.Nc3 Nc6 14.Be3 Rd8 
15.Rac1 Bd7 16.a3 f6 17.Na4 Kf7 18.Nc5 Bc8 19.Bb5 Nb8 20.Nb3 a6 21.Bb6 Rh8
22.Be2 Bd6 23.Na5 Ke7 24.b4 g5 25.Bc7 g4 26.Bxd6+ Kxd6 27.Nc4+ Kc7 28.
Nce5+ 1-0

[Event "20th EUR-ch"]
[Site "Skopje MKD"]
[Date "2019.03.26"]
[Round "8"]
[White "Ioannidis, Evgenios"]
[Black "Basso, Pier Luigi"]
[Result "0-1"]
[WhiteElo "2412"]
[BlackElo "2521"]
[EventDate "2019.03.18"]
[Board "70"]
[PlyCount "60"]

1.c4 c6 2.d4 d5 3.Nf3 Nf6 4.e3 Bg4 5.Qb3 Qb6 6.Nc3 e6 7.Nh4 Bh5 8.h3 Be7 
9.g4 Bg6 10.Nxg6 hxg6 11.g5 Ne4 12.Nxe4 dxe4 13.Qc2 Rh4 14.Bg2 Qa5+ 15.Bd2
Qf5 16.Qb3 b6 17.O-O-O Nd7 18.Rdf1 b5 19.f4 bxc4 20.Qxc4 Rb8 21.Qxc6 Bb4 
22.Bxb4 Rxb4 23.Bxe4 Qa5 24.a3 Rb3 25.Bc2 Rxe3 26.Ba4 Qd5 27.Qc8+ Ke7 28.
Bc6 Rh8 29.Qxh8 Qxc6+ 30.Kb1 Re2 0-1

[Event "20th EUR-ch"]
[Site "Skopje MKD"]
[Date "2019.03.26"]
[Round "8"]
[White "Shubin, Kirill"]
[Black "Ruck, Robert"]
[Result "1/2-1/2"]
[WhiteElo "2370"]
[BlackElo "2521"]
[EventDate "2019.03.18"]
[Board "71"]
[PlyCount "34"]

1.e4 d5 2.exd5 Qxd5 3.Nc3 Qd6 4.d4 Nf6 5.Nf3 c6 6.Bc4 Bg4 7.Be3 Nbd7 8.Qe2
e6 9.h3 Bh5 10.O-O-O O-O-O 11.g4 Bg6 12.Ne5 Nd5 13.Nxg6 Nxc3 14.bxc3 hxg6 
15.Kb1 Nb6 16.Bb3 Qa3 17.Qf3 Rd7 1/2-1/2

[Event "20th EUR-ch"]
[Site "Skopje MKD"]
[Date "2019.03.26"]
[Round "8"]
[White "Nasuta, Grzegorz"]
[Black "Kourkoulos-Arditis, Stamatis"]
[Result "1-0"]
[WhiteElo "2517"]
[BlackElo "2435"]
[EventDate "2019.03.18"]
[Board "72"]
[PlyCount "81"]

1.e4 e6 2.d4 d5 3.Nc3 Bb4 4.exd5 exd5 5.Bd3 Nf6 6.Ne2 c6 7.O-O O-O 8.Ng3 
Re8 9.Nce2 Nbd7 10.c3 Bd6 11.Nf5 Bc7 12.Neg3 Nf8 13.Nxg7 Kxg7 14.Bg5 Qd6 
15.Qf3 Ng8 16.Rae1 Rxe1 17.Rxe1 Kh8 18.Qxf7 Be6 19.Rxe6 Qxe6 20.Qxc7 Qd7 
21.Qe5+ Qg7 22.Nh5 Qxe5 23.dxe5 Ne6 24.Bc1 Rf8 25.g3 c5 26.f4 c4 27.Bf1 b5
28.Bh3 Ng7 29.Nxg7 Kxg7 30.Be6 b4 31.Bxd5 bxc3 32.bxc3 Rc8 33.Kf2 Rc5 34.
Be6 Rc6 35.Bd5 Rc5 36.Be6 Rc6 37.Bd7 Ra6 38.a4 Rb6 39.Bb5 Nh6 40.Kf3 Kg6 
41.g4 1-0

[Event "20th EUR-ch"]
[Site "Skopje MKD"]
[Date "2019.03.26"]
[Round "8"]
[White "Sivuk, Vitaly"]
[Black "Kacharava, Nikolozi"]
[Result "1-0"]
[WhiteElo "2514"]
[BlackElo "2424"]
[EventDate "2019.03.18"]
[Board "73"]
[PlyCount "83"]

1.e4 e5 2.Nf3 Nf6 3.Nxe5 d6 4.Nd3 Nxe4 5.Qe2 Qe7 6.Nf4 Nf6 7.d4 Qxe2+ 8.
Bxe2 Bf5 9.c3 c6 10.f3 h5 11.Kf2 Nbd7 12.h4 O-O-O 13.Nd2 d5 14.Nf1 Bd6 15.
Ng3 Bc2 16.Bd2 Nf8 17.Rac1 Bxf4 18.Bxf4 Bg6 19.Bg5 Rd6 20.Rhe1 Re6 21.Bf1 
Ne8 22.Ne2 Bf5 23.Red1 Nd6 24.b3 b5 25.Ng3 Bg6 26.Bf4 Nd7 27.a4 bxa4 28.c4
Kb7 29.c5 axb3 30.Bxd6 a5 31.Bd3 a4 32.Ne2 Bxd3 33.Rxd3 Nb6 34.Rb1 Nc4 35.
Nc3 Ra8 36.Nxa4 Nxd6 37.cxd6 Rxa4 38.Rdxb3+ Ka6 39.Rb8 Ra2+ 40.Kf1 Ka7 41.
d7 Ree2 42.Ra8+ 1-0

[Event "20th EUR-ch"]
[Site "Skopje MKD"]
[Date "2019.03.26"]
[Round "8"]
[White "Murzin, Volodar"]
[Black "Mirzoev, Emil"]
[Result "1-0"]
[WhiteElo "2337"]
[BlackElo "2511"]
[EventDate "2019.03.18"]
[Board "74"]
[PlyCount "121"]

1.e4 e6 2.Nf3 d5 3.exd5 exd5 4.d4 Bd6 5.c4 Nf6 6.c5 Be7 7.Bd3 b6 8.Be3 O-O
9.O-O bxc5 10.dxc5 c6 11.Nbd2 a5 12.Rc1 Ba6 13.Bxa6 Nxa6 14.Qa4 Qc7 15.a3 
Rfc8 16.Nb3 Ne4 17.Nfd2 Nxd2 18.Bxd2 Qb7 19.Rc2 Qa7 20.Be3 Rab8 21.Nd4 Bf6
22.Nf5 Re8 23.Nd6 Re6 24.h3 Qa8 25.Rd1 g6 26.Qf4 a4 27.g4 Qa7 28.Rcd2 Be5 
29.Qf3 Rf6 30.Qg2 Qd7 31.Ne4 Re6 32.Ng5 Re7 33.Nf3 Bg7 34.Qg3 Rxe3 35.fxe3
Nxc5 36.Re2 Re8 37.Nd4 Ne4 38.Qg2 c5 39.Nf3 c4 40.Nd4 Bh6 41.Qf3 Qb5 42.
Kg2 Qc5 43.h4 Rb8 44.Ne6 Rb5 45.Nf4 Qc6 46.Nd3 Qb7 47.Nb4 Bf8 48.Kg1 Bxb4 
49.axb4 Rxb4 50.g5 Rb6 51.Qg4 Re6 52.Rg2 Re8 53.h5 gxh5 54.Qf5 Qb6 55.Rxd5
Qxe3+ 56.Kh2 Qe1 57.Qf4 c3 58.Rd7 Rf8 59.bxc3 Nxc3 60.g6 hxg6 61.Rxg6+ 1-0

[Event "20th EUR-ch"]
[Site "Skopje MKD"]
[Date "2019.03.26"]
[Round "8"]
[White "Demuth, Adrien"]
[Black "Nikitenko, Mihail"]
[Result "1/2-1/2"]
[WhiteElo "2510"]
[BlackElo "2408"]
[EventDate "2019.03.18"]
[Board "75"]
[PlyCount "87"]

1.c4 Nf6 2.Nc3 e5 3.Nf3 Nc6 4.e3 Bb4 5.Qc2 d6 6.Be2 O-O 7.O-O Ba5 8.d4 
exd4 9.exd4 h6 10.h3 Re8 11.Be3 d5 12.a3 Bxc3 13.bxc3 Be6 14.cxd5 Bxd5 15.
Nd2 Ne4 16.c4 Ng3 17.Bd3 Nxf1 18.Nxf1 Bxg2 19.Kxg2 Nxd4 20.Qd1 c5 21.Ng3 
Qf6 22.Rb1 Qc6+ 23.Kf1 Nf3 24.Qc2 Nh4 25.Bh7+ Kh8 26.Be4 Qe6 27.Bg2 Nxg2 
28.Kxg2 Rad8 29.Qe2 b6 30.a4 Qc6+ 31.Qf3 Qxa4 32.Qxf7 Qc6+ 33.Kg1 Qd7 34.
Qxd7 Rxd7 35.Ne2 Rd3 36.Ra1 Ra8 37.Nf4 Rb3 38.Ra6 Kh7 39.Nd5 Rd8 40.Rxa7 
b5 41.Nf6+ Kg6 42.Ne4 bxc4 43.Rc7 Rdb8 44.Rc6+ 1/2-1/2

[Event "20th EUR-ch"]
[Site "Skopje MKD"]
[Date "2019.03.26"]
[Round "8"]
[White "Zlatin, Alexander"]
[Black "Baron, Tal"]
[Result "0-1"]
[WhiteElo "2243"]
[BlackElo "2506"]
[EventDate "2019.03.18"]
[Board "76"]
[PlyCount "108"]

1.e4 c5 2.d3 Nc6 3.f4 d5 4.e5 Nh6 5.Nf3 g6 6.g3 Bg7 7.Bg2 f6 8.O-O fxe5 9.
Nxe5 Nxe5 10.fxe5 Nf7 11.Nc3 e6 12.Qe2 O-O 13.Nxd5 exd5 14.e6 Ne5 15.Rxf8+
Kxf8 16.Bf4 Nc6 17.Re1 Bf6 18.Bh6+ Kg8 19.Qf1 Qe7 20.Bxd5 Nd4 21.c3 Nxe6 
22.Qe2 Kf7 23.Rf1 Ke8 24.Re1 Nc7 25.Qf2 Be6 26.Bxb7 Rd8 27.Rf1 Bf5 28.g4 
Bh4 29.Qg2 Bd7 30.Rf8+ Qxf8 31.Bxf8 Kxf8 32.Qe4 Ne6 33.Qe5 Ke7 34.Bd5 Bf6 
35.Qe3 Kd6 36.Bxe6 Bxe6 37.b4 cxb4 38.Qf4+ Ke7 39.Qxb4+ Kf7 40.d4 Bxg4 41.
a4 h5 42.Qc4+ Be6 43.Qc5 Rd7 44.a5 Kg7 45.Qc6 Bh3 46.Kf2 Re7 47.Kg3 Bd7 
48.Qd5 Rf7 49.h4 Bg4 50.c4 Be7 51.Qe5+ Kh7 52.c5 Bf3 53.Kh2 Bxh4 54.c6 
Bxc6 0-1

[Event "20th EUR-ch"]
[Site "Skopje MKD"]
[Date "2019.03.26"]
[Round "8"]
[White "Vocaturo, Daniele"]
[Black "Zlatanovic, Boroljub"]
[Result "1-0"]
[WhiteElo "2616"]
[BlackElo "2376"]
[EventDate "2019.03.18"]
[Board "77"]
[PlyCount "93"]

1.e4 e6 2.d4 d5 3.Nd2 Nc6 4.Ngf3 Nf6 5.e5 Nd7 6.Bd3 Nb4 7.Be2 c5 8.c3 Nc6 
9.O-O cxd4 10.cxd4 f6 11.exf6 Nxf6 12.a3 Bd6 13.b4 O-O 14.Bb2 Qb6 15.Bd3 
Bd7 16.Nb3 Rae8 17.Ne5 Re7 18.Qd2 Be8 19.Rae1 Nd8 20.Nc5 Bb5 21.Re3 Bxd3 
22.Qxd3 Nc6 23.Nf3 a5 24.Na4 Qc7 25.b5 Nd8 26.Ne5 Nf7 27.f3 Nd7 28.Rc1 Qd8
29.Qe2 Qb8 30.Qe1 Qd8 31.Rc2 Nh6 32.Nxd7 Qxd7 33.Qxa5 Nf5 34.Ree2 Qe8 35.
Qe1 Qg6 36.Nc5 Ng3 37.hxg3 Bxg3 38.Qc3 Qh6 39.Qe3 Qh2+ 40.Kf1 Ref7 41.Nd3 
g5 42.Nf2 Bxf2 43.Rxf2 g4 44.f4 Rxf4 45.Qxe6+ Kh8 46.Qe5+ Kg8 47.Qxd5+ 1-0

[Event "20th EUR-ch"]
[Site "Skopje MKD"]
[Date "2019.03.26"]
[Round "8"]
[White "Druska, Juraj"]
[Black "Kozul, Zdenko"]
[Result "1-0"]
[WhiteElo "2434"]
[BlackElo "2619"]
[EventDate "2019.03.18"]
[Board "78"]
[PlyCount "56"]

1.e4 c5 2.Nf3 e6 3.b3 Nc6 4.Bb2 d6 5.d4 cxd4 6.Nxd4 Nf6 7.Nc3 Be7 8.Qd2 
O-O 9.O-O-O Nxd4 10.Qxd4 e5 11.Qd2 a6 12.Kb1 Qc7 13.f3 Be6 14.g4 b5 15.h4 
Rac8 16.Rh2 Qa7 17.Bd3 b4 18.Nd5 Bxd5 19.exd5 a5 20.h5 Rc5 21.g5 Nxd5 22.
g6 Nc3+ 23.Bxc3 bxc3 24.Qg2 e4 25.Bxe4 Rg5 26.gxf7+ Kh8 27.Qh1 h6 28.f4 
Rg4 1-0

[Event "20th EUR-ch"]
[Site "Skopje MKD"]
[Date "2019.03.26"]
[Round "8"]
[White "Romanov, Evgeny"]
[Black "Radovanovic, Nikola"]
[Result "0-1"]
[WhiteElo "2612"]
[BlackElo "2426"]
[EventDate "2019.03.18"]
[Board "79"]
[PlyCount "64"]

1.d4 Nf6 2.c4 g6 3.Nc3 Bg7 4.e4 O-O 5.h3 d6 6.Bg5 c5 7.d5 e6 8.Bd3 exd5 9.
exd5 Nbd7 10.Nf3 Re8+ 11.Kf1 Ne5 12.Nxe5 Rxe5 13.Qd2 b5 14.Nxb5 Ne4 15.
Bxe4 Rxg5 16.Nc3 Re5 17.g3 Qe7 18.Bd3 Bd7 19.Kg2 Re8 20.Raf1 h5 21.h4 Qf6 
22.f3 Re3 23.Nd1 R3e7 24.Re1 Qd4 25.Rxe7 Rxe7 26.b3 Bf5 27.Nf2 Bxd3 28.
Nxd3 Bh6 29.Qc2 Re3 30.Rd1 Qf6 31.Rf1 Qf5 32.Ne1 Rxe1 0-1

[Event "20th EUR-ch"]
[Site "Skopje MKD"]
[Date "2019.03.26"]
[Round "8"]
[White "Gordievsky, Dmitry"]
[Black "Hnydiuk, Aleksander"]
[Result "1-0"]
[WhiteElo "2603"]
[BlackElo "2417"]
[EventDate "2019.03.18"]
[Board "80"]
[PlyCount "61"]

1.e4 c5 2.Nf3 e6 3.d3 Nc6 4.g3 g6 5.Bg2 Bg7 6.O-O Nge7 7.c3 e5 8.a3 O-O 9.
b4 d6 10.Nbd2 Be6 11.Rb1 b6 12.Bb2 h6 13.b5 Na5 14.c4 Qd7 15.Ne1 a6 16.a4 
Nb7 17.Nc2 f5 18.exf5 gxf5 19.Ra1 axb5 20.axb5 d5 21.cxd5 Bxd5 22.Bxd5+ 
Nxd5 23.Nc4 Nd6 24.Bxe5 Nxb5 25.Bxg7 Qxg7 26.Qh5 Nd4 27.Nxd4 cxd4 28.Qe2 
Rfe8 29.Qc2 Nc3 30.Rxa8 Rxa8 31.Qb3 1-0

[Event "20th EUR-ch"]
[Site "Skopje MKD"]
[Date "2019.03.26"]
[Round "8"]
[White "Todorovic, Goran M"]
[Black "Donchenko, Alexander"]
[Result "0-1"]
[WhiteElo "2429"]
[BlackElo "2593"]
[EventDate "2019.03.18"]
[Board "81"]
[PlyCount "72"]

1.e4 c6 2.d4 d5 3.exd5 cxd5 4.Bd3 Nc6 5.c3 Qc7 6.Ne2 Bg4 7.O-O e6 8.Qe1 
Nf6 9.Bf4 Bd6 10.Bxd6 Qxd6 11.Ng3 Nh5 12.Nxh5 Bxh5 13.f4 O-O-O 14.Nd2 Bg6 
15.f5 Bxf5 16.Bxf5 exf5 17.Rxf5 Rhe8 18.Qf2 f6 19.Re1 Qd7 20.Rf3 Rxe1+ 21.
Qxe1 Re8 22.Re3 Rxe3 23.Qxe3 Qf5 24.Qe8+ Nd8 25.Qe7 Qc2 26.Nf1 Qxb2 27.
Qxg7 Qxc3 28.Qxf6 Qd3 29.h4 a5 30.Kh2 Nc6 31.Qe6+ Kb8 32.Ng3 Qxd4 33.Qg8+ 
Ka7 34.Qxh7 Ne5 35.Nf5 Qf4+ 36.Kh3 Ng4 0-1

[Event "20th EUR-ch"]
[Site "Skopje MKD"]
[Date "2019.03.26"]
[Round "8"]
[White "Alonso Rosell, Alvar"]
[Black "Tica, Sven"]
[Result "1/2-1/2"]
[WhiteElo "2559"]
[BlackElo "2416"]
[EventDate "2019.03.18"]
[Board "82"]
[PlyCount "99"]

1.d4 d5 2.c4 e6 3.Nc3 a6 4.cxd5 exd5 5.Nf3 h6 6.Bf4 Nf6 7.e3 Bd6 8.Bxd6 
Qxd6 9.Bd3 O-O 10.O-O Be6 11.Rc1 Nbd7 12.h3 c5 13.dxc5 Nxc5 14.Nd4 Rac8 
15.Rc2 Rfd8 16.Qd2 Nfd7 17.Rfc1 Ne5 18.Be2 Nc4 19.Qe1 b5 20.Nb1 Bd7 21.b3 
Ne5 22.Qb4 Ne4 23.Qxd6 Nxd6 24.Nc3 Be6 25.f4 Nd7 26.Bf3 Nb6 27.g4 g6 28.
Kf2 Kf8 29.Kg3 Rc7 30.Nce2 Rxc2 31.Rxc2 Rc8 32.Rd2 Ke7 33.Kf2 Nd7 34.Ng3 
Nf6 35.Rc2 Rxc2+ 36.Nxc2 a5 37.Ke2 Nfe4 38.Nxe4 dxe4 39.Bg2 b4 40.Nd4 Bd7 
41.g5 hxg5 42.fxg5 Nb5 43.Bxe4 Nxd4+ 44.exd4 Bxh3 45.Ke3 Kd6 46.Bd3 Be6 
47.Kf4 Kd5 48.Ke3 Kd6 49.Kf4 Kd5 50.Ke3 1/2-1/2

[Event "20th EUR-ch"]
[Site "Skopje MKD"]
[Date "2019.03.26"]
[Round "8"]
[White "Gaehwiler, Gabriel"]
[Black "Gazik, Viktor"]
[Result "1-0"]
[WhiteElo "2414"]
[BlackElo "2535"]
[EventDate "2019.03.18"]
[Board "83"]
[PlyCount "73"]

1.d4 Nf6 2.c4 g6 3.Nf3 Bg7 4.g3 O-O 5.Bg2 d5 6.Nbd2 c6 7.O-O Bf5 8.b3 a5 
9.Bb2 Ne4 10.cxd5 cxd5 11.Ne5 Na6 12.Nxe4 Bxe4 13.Qd2 Bxg2 14.Kxg2 Nb4 15.
Rfc1 Qd6 16.a3 Nc6 17.Nxc6 bxc6 18.Bc3 Qc7 19.b4 a4 20.Bb2 Rfb8 21.Rc5 Rb6
22.Rac1 Qb7 23.Qd3 e6 24.R5c2 Bf8 25.e4 dxe4 26.Qxe4 Bh6 27.f4 Rc8 28.d5 
exd5 29.Qd4 f6 30.Qxf6 Bg7 31.Qe6+ Kh8 32.Bxg7+ Kxg7 33.f5 gxf5 34.Qxf5 
Kg8 35.Qg5+ Kh8 36.Qe5+ Kg8 37.Rf1 1-0

[Event "20th EUR-ch"]
[Site "Skopje MKD"]
[Date "2019.03.26"]
[Round "8"]
[White "Soysal, Serkan"]
[Black "Kelires, Andreas"]
[Result "1-0"]
[WhiteElo "2405"]
[BlackElo "2529"]
[EventDate "2019.03.18"]
[Board "84"]
[PlyCount "68"]

1.Nf3 d5 2.g3 Nf6 3.Bg2 c6 4.O-O Bg4 5.c4 Nbd7 6.d4 e6 7.cxd5 exd5 8.Nc3 
Bd6 9.Nh4 Nb6 10.f3 Bh5 11.Qe1 O-O 12.e4 dxe4 13.fxe4 Bb4 14.Nf5 Bg6 15.
Qd1 Ne8 16.e5 Nc7 17.a3 Be7 18.h4 Bxf5 19.Rxf5 Ne6 20.Be3 Qd7 21.d5 Nxd5 
22.Nxd5 cxd5 23.Qxd5 Rfd8 24.Qf3 Nd4 25.Bxd4 Qxd4+ 26.Kh1 Qxb2 27.Rg1 f6 
28.Qg4 Rf8 29.Bd5+ Kh8 30.Rh5 Qd2 31.Qg6 h6 32.Be4 f5 33.Rxf5 Rxf5 34.Qxf5
Kg8 1-0

[Event "20th EUR-ch"]
[Site "Skopje MKD"]
[Date "2019.03.26"]
[Round "8"]
[White "Drnovsek, Gal"]
[Black "Potapov, Pavel"]
[Result "1/2-1/2"]
[WhiteElo "2402"]
[BlackElo "2517"]
[EventDate "2019.03.18"]
[Board "85"]
[PlyCount "75"]

1.d4 f5 2.Nf3 Nf6 3.g3 g6 4.Bg2 Bg7 5.O-O O-O 6.c4 d6 7.Nc3 c6 8.Rb1 a5 9.
d5 e5 10.dxe6 Bxe6 11.b3 Na6 12.Ng5 Qe7 13.Nxe6 Qxe6 14.Be3 Nc5 15.Qd2 
Rfd8 16.Rbd1 Rd7 17.Bd4 Nfe4 18.Nxe4 Nxe4 19.Qc2 Re8 20.e3 Bxd4 21.Rxd4 
Nf6 22.Rfd1 Red8 23.a3 Kg7 24.h3 h5 25.Bf3 Qe5 26.b4 axb4 27.axb4 Ra8 28.
Qd3 Rad8 29.Qb3 Ne4 30.Qc2 Re7 31.h4 d5 32.b5 Red7 33.Qb3 Kh6 34.cxd5 Rxd5
35.bxc6 bxc6 36.Rxd5 Rxd5 37.Rxd5 cxd5 38.Qd3 1/2-1/2

[Event "20th EUR-ch"]
[Site "Skopje MKD"]
[Date "2019.03.26"]
[Round "8"]
[White "Kamer, Kayra"]
[Black "Valsecchi, Alessio"]
[Result "1-0"]
[WhiteElo "2397"]
[BlackElo "2515"]
[EventDate "2019.03.18"]
[Board "86"]
[PlyCount "77"]

1.e4 g6 2.d4 Bg7 3.Nc3 d6 4.f4 a6 5.Nf3 b5 6.Bd3 e6 7.O-O Ne7 8.Qe1 c5 9.
f5 c4 10.fxe6 fxe6 11.Be2 Nbc6 12.d5 exd5 13.exd5 Qb6+ 14.Kh1 Ne5 15.Nxe5 
Bxe5 16.Bf4 Bf5 17.Bxe5 dxe5 18.Bxc4 bxc4 19.Qxe5 O-O 20.Qxe7 Qxb2 21.Qe5 
Rae8 22.Qd4 Qxc2 23.d6 Qd3 24.Rfd1 Qxd4 25.Rxd4 Bd3 26.Nd5 Re6 27.Nf4 Re4 
28.Rxe4 Bxe4 29.Ne6 Rf7 30.Ng5 Bf5 31.Nxf7 Kxf7 32.Re1 c3 33.Re7+ Kf6 34.
Rxh7 c2 35.Rc7 Ke6 36.d7 Ke7 37.Kg1 Kd8 38.Rc3 Kxd7 39.Kf2 1-0

[Event "20th EUR-ch"]
[Site "Skopje MKD"]
[Date "2019.03.26"]
[Round "8"]
[White "Zoler, Dan"]
[Black "Di Benedetto, Edoardo"]
[Result "1-0"]
[WhiteElo "2513"]
[BlackElo "2394"]
[EventDate "2019.03.18"]
[Board "87"]
[PlyCount "75"]

1.d4 e6 2.c4 Nf6 3.Nf3 d5 4.Nc3 Be7 5.Bf4 O-O 6.e3 b6 7.Bd3 dxc4 8.Bxc4 
Ba6 9.Qe2 Qc8 10.Rc1 Qb7 11.O-O Bxc4 12.Qxc4 Na6 13.Bg5 c5 14.e4 cxd4 15.
Nxd4 Rac8 16.Qe2 Rfd8 17.Ndb5 Nc5 18.e5 Ne8 19.Bxe7 Qxe7 20.Rfd1 a6 21.Nd4
b5 22.g3 Nd7 23.Qe4 Nb6 24.Nce2 Qd7 25.Kg2 Rxc1 26.Rxc1 Nc7 27.Rc6 Ncd5 
28.Rd6 Qc7 29.Rxd8+ Qxd8 30.Nc6 Qc7 31.Ned4 Nc4 32.b3 Na5 33.Nb4 Qb7 34.
Nxd5 exd5 35.Qc2 Qd7 36.Qc5 Qd8 37.Qa7 Qc8 38.Qb6 1-0

[Event "20th EUR-ch"]
[Site "Skopje MKD"]
[Date "2019.03.26"]
[Round "8"]
[White "Sanal, Vahap"]
[Black "Saraci, Nderim"]
[Result "1-0"]
[WhiteElo "2511"]
[BlackElo "2391"]
[EventDate "2019.03.18"]
[Board "88"]
[PlyCount "81"]

1.e4 e5 2.Nf3 Nc6 3.Bb5 a6 4.Ba4 Nf6 5.O-O Be7 6.Bxc6 dxc6 7.d3 Nd7 8.Nbd2
O-O 9.b3 f6 10.Bb2 c5 11.Nc4 Rf7 12.Nh4 Nf8 13.Nf5 Ng6 14.Qg4 Bf8 15.h4 
Bxf5 16.exf5 Nf4 17.Bxe5 fxe5 18.Nxe5 Nd5 19.Nxf7 Kxf7 20.Rae1 Kg8 21.Re6 
Nf6 22.Qc4 b5 23.Qf4 Qd7 24.Rfe1 Bd6 25.Qf3 Rf8 26.c4 h5 27.g3 bxc4 28.
dxc4 Qf7 29.Qe2 Nh7 30.Re8 Qxf5 31.Rxf8+ Nxf8 32.Qe8 Kh7 33.Qe4 Kg6 34.
Qxf5+ Kxf5 35.Re8 Nd7 36.Ra8 Ke6 37.Rxa6 Nb6 38.a4 Kd7 39.a5 Nc8 40.Ra8 c6
41.a6 1-0

[Event "20th EUR-ch"]
[Site "Skopje MKD"]
[Date "2019.03.26"]
[Round "8"]
[White "Semjonovs, Ilja"]
[Black "Keymer, Vincent"]
[Result "0-1"]
[WhiteElo "2401"]
[BlackElo "2509"]
[EventDate "2019.03.18"]
[Board "89"]
[PlyCount "82"]

1.e4 c5 2.Nf3 d6 3.d4 cxd4 4.Nxd4 Nf6 5.Nc3 a6 6.f3 e5 7.Nb3 Be6 8.Be3 Be7
9.Qd2 O-O 10.O-O-O Nbd7 11.g4 b5 12.g5 Nh5 13.Nd5 Bxd5 14.exd5 f6 15.gxf6 
Bxf6 16.Na5 Nf4 17.Nc6 Qe8 18.Qb4 Qh5 19.Rg1 Qxf3 20.Rg3 Qh5 21.Qxd6 Rf7 
22.Bxf4 exf4 23.Rh3 Qf5 24.Qe6 Qg5 25.Rf3 Nc5 26.Qe2 Rff8 27.Qg2 Qf5 28.
Bd3 Nxd3+ 29.Rfxd3 f3 30.Qf2 Qf4+ 31.Kb1 Bh4 32.Qf1 f2 33.Nd4 Qe4 34.Ne6 
Rf5 35.Rd4 Qe1 36.Nf4 Re8 37.Ne6 Re7 38.Rc1 Re5 39.Rdd1 Qxf1 40.Rxf1 Rxd5 
41.Nf4 Rde5 0-1

[Event "20th EUR-ch"]
[Site "Skopje MKD"]
[Date "2019.03.26"]
[Round "8"]
[White "Arizmendi Martinez, Julen Luis"]
[Black "Kaasen, Tor Fredrik"]
[Result "1-0"]
[WhiteElo "2506"]
[BlackElo "2383"]
[EventDate "2019.03.18"]
[Board "90"]
[PlyCount "68"]

1.d4 Nf6 2.c4 g6 3.Nc3 d5 4.Nf3 Bg7 5.cxd5 Nxd5 6.e4 Nxc3 7.bxc3 O-O 8.Be2
c5 9.O-O b6 10.Be3 Bb7 11.Qd3 Ba6 12.Qc2 Qc7 13.Bxa6 cxd4 14.Bf4 e5 15.
Nxe5 g5 16.Bc4 gxf4 17.cxd4 Bxe5 18.dxe5 b5 19.Bb3 Qxc2 20.Bxc2 Nc6 21.
Rfd1 Rfd8 22.Rd6 Nxe5 23.Rf6 Ng6 24.Bb3 Rd7 25.Rc1 Rad8 26.Rf5 Rb8 27.Rcc5
a6 28.g3 fxg3 29.hxg3 Kg7 30.Kg2 Rb6 31.Rc8 a5 32.Ra8 a4 33.Bd5 Rc7 34.Kf3
Ne7 1-0

[Event "20th EUR-ch"]
[Site "Skopje MKD"]
[Date "2019.03.26"]
[Round "8"]
[White "Erenberg, Ariel"]
[Black "Quparadze, Giga"]
[Result "0-1"]
[WhiteElo "2394"]
[BlackElo "2501"]
[EventDate "2019.03.18"]
[Board "91"]
[PlyCount "75"]

1.d4 Nf6 2.c4 e6 3.Nf3 b6 4.g3 Bb7 5.Bg2 g6 6.O-O Bg7 7.Qc2 O-O 8.Nc3 d5 
9.cxd5 exd5 10.Bf4 Nc6 11.Rad1 Nh5 12.Bg5 Qd7 13.h3 Rfe8 14.g4 Nf6 15.Ne5 
Nxe5 16.dxe5 Rxe5 17.Bf4 Re7 18.g5 Nh5 19.Nxd5 Bxd5 20.Rxd5 Qe8 21.Bh2 
Rxe2 22.Qxc7 Re7 23.Qd6 Rc8 24.b3 Bf8 25.Re5 Rd8 26.Rxe7 Qxe7 27.Qxe7 Bxe7
28.h4 Bd6 29.Bxd6 Rxd6 30.Bf3 Rd2 31.Rd1 Rxa2 32.Bxh5 gxh5 33.Rd5 Ra3 34.
Rd7 Kg7 35.Kg2 Kg6 36.b4 Ra4 37.Kg3 Ra3+ 38.f3 0-1

[Event "20th EUR-ch"]
[Site "Skopje MKD"]
[Date "2019.03.26"]
[Round "8"]
[White "Badelka, Olga"]
[Black "Blagojevic, Dragisa"]
[Result "0-1"]
[WhiteElo "2384"]
[BlackElo "2498"]
[EventDate "2019.03.18"]
[Board "92"]
[PlyCount "96"]

1.d4 d5 2.c4 e6 3.Nc3 c6 4.Nf3 Nf6 5.e3 Nbd7 6.Qc2 Bd6 7.g4 Bb4 8.Bd2 Qe7 
9.Rg1 Bxc3 10.Bxc3 Ne4 11.Bd3 Nxc3 12.Qxc3 dxc4 13.Qxc4 e5 14.Bf5 Nb6 15.
Qc5 exd4 16.Qxd4 O-O 17.O-O-O Be6 18.Kb1 Rad8 19.Qe4 Bxf5 20.Qxf5 Nc4 21.
Qc2 Nd6 22.Rd4 Nb5 23.Rf4 Qd6 24.h4 Qd3 25.h5 Qxc2+ 26.Kxc2 Nc7 27.g5 Ne6 
28.Re4 Rd5 29.b3 Rfd8 30.Rh4 Rc5+ 31.Kb2 Rf5 32.Rh3 g6 33.Rg2 Rd1 34.hxg6 
hxg6 35.Rgh2 Kf8 36.Rh8+ Ke7 37.Nd4 Nxd4 38.exd4 Rxd4 39.Rb8 Rd7 40.Rg2 
Kd6 41.Kc2 Kc7 42.Rf8 Kb6 43.b4 Rd4 44.a3 Rdf4 45.Rg3 Rxf2+ 46.Kb3 R2f3+ 
47.Rxf3 Rxf3+ 48.Ka4 Ka6 0-1